• 首页
  • 本馆介绍
  • 公告通知
  • 最新文献
  • 馆藏检索
  • 电子资源
  • 读者导购
  • 参考咨询
  • 我的图书馆
  • 登录
  • 详细信息显示
  • 放入我的书架
  • 预约/预借图书
  • 作者相关作品
  • 分类相关作品
  • 丛书相关作品
  • 出版社相关作品

书目信息

  • 表格格式
  • 工作单格式
  • 卡片格式
题名:
等离子弧与焊接
    
 
作者: ;沈阳机电学院焊接教研室 编
分册:  
出版信息: 北京   科学出版社  1978
页数: 285页
开本: 19cm
丛书名:
单 册:
中图分类: TG422
科图分类:
主题词: 等离子焊 , 焊接材料
电子资源:
ISBN:
000 00697nam0 2200229 45
001 0178002095
005 20060429092759.53
010    @dCNY1.00
091    @a15031.198
100    @a19950731d1978 em y0chiy0121 ea
101 0  @achi
102    @aCN@b110000
105    @ay z 000yy
200 10 @a等离子弧与焊接@Adeng li zi hu yu han jie@f沈阳机电学院焊接教研室编@Fshen yang ji dian xue yuan han jie jiao yan shi bian
210    @a北京@c科学出版社@d1978
215    @a285页@d19cm
606    @a等离子焊
606 0  @a焊接材料
690    @aTG422@v4
711 02 @a沈阳机电学院焊接教研室@Ashen yang ji dian xue yuan han jie jiao yan shi@4编
801  0 @aCN@bTSSF@c20060429
905    @a10447@dTG422@e1
    
    等离子弧与焊接/沈阳机电学院焊接教研室编.-北京:科学出版社,1978
    285页;19cm
    
    
    ISBN :CNY1.00
    
●
相关链接 在E读中查询图书 在五车中查询图书 在当当中查询图书 在豆瓣中查询图书


正题名:等离子弧与焊接     索取号:TG422/1         预约/预借

序号 登录号 条形码 馆藏地/架位号 状态 备注
1 0004402   202303952   密集书库/ [索取号:TG422/1] 在馆    
2 0004404   202303916   密集书库/ [索取号:TG422/1] 在馆    
唐山师范学院图书馆 欢迎您!
大连网信软件有限公司© 版权所有